|
|
|
|
| LEADER |
01135nam a2200373 4500 |
| 001 |
DLU110130687 |
| 005 |
##20111223 |
| 040 |
# |
# |
|a DLU
|b eng
|
| 041 |
# |
# |
|a eng
|
| 044 |
# |
# |
|a gw
|
| 245 |
# |
# |
|a Vanadium oxide nanowire-carbon nanotube binder-free flexible electrodes for supercapacitors /
|c Sanjaya D. Perera ... [et al.].
|
| 653 |
# |
# |
|a Carbon nanotubes
|
| 653 |
# |
# |
|a Composite paper electrodes
|
| 653 |
# |
# |
|a Flexible electrodes
|
| 653 |
# |
# |
|a Supercapacitors
|
| 653 |
# |
# |
|a Vanadium oxide nanowires
|
| 700 |
# |
# |
|a Balkus, Kenneth J.
|c Jr.
|
| 700 |
# |
# |
|a Chabal, Yves J.
|
| 700 |
# |
# |
|a Ferraris, John P.
|
| 700 |
# |
# |
|a Nijem, Nour.
|
| 700 |
# |
# |
|a Patel, Bijal.
|
| 700 |
# |
# |
|a Perera, Sanjaya D.
|
| 700 |
# |
# |
|a Roodenko, Katy.
|
| 700 |
# |
# |
|a Seitz, Oliver.
|
| 773 |
# |
# |
|t Advanced Energy Materials
|g Vol. 1, no. 5 (October 2011), p. 936-945
|
| 920 |
# |
# |
|a Phòng Tạp chí -- Trung tâm Thông tin - Thư viện Trường Đại học Đà Lạt
|
| 994 |
# |
# |
|a DLU
|
| 900 |
# |
# |
|a True
|
| 911 |
# |
# |
|a Trương Bảo Trâm Anh
|
| 925 |
# |
# |
|a G
|
| 926 |
# |
# |
|a A
|
| 927 |
# |
# |
|a BB
|
| 980 |
# |
# |
|a Thư viện Trường Đại học Đà Lạt
|